Agricultural marketing in Bihar / (Record no. 145166)

MARC details
000 -LEADER
fixed length control field 00485nam a22001697a 4500
010 ## - LCCN (DPL NO)
LC control number ENG-120625
020 ## - INTERNATIONAL STANDARD BOOK NUMBER
Terms of availability 15.00
035 ## - SYSTEM CONTROL NUMBER
System control number EN-104157
037 ## - SOURCE OF ACQUISITION
Source of stock number/acquisition DBAD/PUB
082 ## - DEWEY DECIMAL CLASSIFICATION NUMBER
Classification number 381.41095412
245 ## - TITLE STATEMENT
Title Agricultural marketing in Bihar /
260 ## - PUBLICATION, DISTRIBUTION, ETC. (IMPRINT)
Place of publication, distribution, etc Patna
Name of publisher, distributor, etc Bihar Institute of Economic Deveplopment
Date of publication, distribution, etc 201?
270 ## - ADDRESS
City Patna
Postal code 3
300 ## - PHYSICAL DESCRIPTION
Extent v,96p,(iv).
Other physical details 22cm(Hb).
500 ## - GENERAL NOTE
General note Includes bibliographical reference
942 ## - ADDED ENTRY ELEMENTS (KOHA)
Source of classification or shelving scheme Dewey Decimal Classification
Item type English Books
Classification part 381.41095412
Call number suffix AGR
Holdings
Withdrawn status Lost status Not for loan Collection code Home library Current library Date acquired Source of acquisition Cost, normal purchase price Full call number Barcode Copy number Cost, replacement price Koha item type
      Non-fiction Katevara Katevara 21/09/2017 DBAD/PUB 15.00 381.41095412 AGR EN-104157 1 15.00 English Books

© Delhi Public Library
Hit Counter
free hit counter